Meteorology of Zambia (Record no. 82880)
[ view plain ]
| 000 -LEADER | |
|---|---|
| fixed length control field | 01049nam a2200217 a 4500 |
| 008 - FIXED-LENGTH DATA ELEMENTS--GENERAL INFORMATION | |
| fixed length control field | 090526s1981 ||||||||||||||||| || u |
| 050 ## - LIBRARY OF CONGRESS CALL NUMBER | |
| Classification number | GOV.ZAM(02)1981/7A |
| 100 ## - MAIN ENTRY--PERSONAL NAME | |
| Personal name | Rao, Bhaskara N. S |
| 245 10 - TITLE STATEMENT | |
| Title | Meteorology of Zambia |
| 260 ## - PUBLICATION, DISTRIBUTION, ETC. | |
| Place of publication, distribution, etc. | Lusaka |
| Name of publisher, distributor, etc. | Government Printer |
| Date of publication, distribution, etc. | 1981 |
| 300 ## - PHYSICAL DESCRIPTION | |
| Extent | 22-49pp.: ill. |
| 350 ## - | |
| -- | 0.00 |
| 500 ## - GENERAL NOTE | |
| General note | Part I - III |
| 650 ## - SUBJECT ADDED ENTRY--TOPICAL TERM | |
| Topical term or geographic name entry element | METEOROLOGY--ZAMBIA |
| 700 ## - ADDED ENTRY--PERSONAL NAME | |
| Personal name | Acharya, U. R |
| 710 ## - ADDED ENTRY--CORPORATE NAME | |
| Corporate name or jurisdiction name as entry element | Government of the Republic of Zambia (GRZ) |
| 710 ## - ADDED ENTRY--CORPORATE NAME | |
| Corporate name or jurisdiction name as entry element | Government of the Republic of Zambia. Meteorological Department |
| 995 ## - | |
| -- | SPECIAL COLLECTIONS |
| -- | 0.00 |
| -- | 03004061 |
| -- | CBU-MAIN LIBRARY (Kitwe) |
| -- | 1 |
| -- | 0.00 |
| -- | GOV.ZAM(02)1981/7A |
| -- | 1 |
| -- | AVAILABLE |
| -- | May 26, 2009 |
| -- | 03004061 |
| -- | Zambiana Collection |
| 995 ## - | |
| -- | SPECIAL COLLECTIONS |
| -- | 0.00 |
| -- | 03004134 |
| -- | CBU-MAIN LIBRARY (Kitwe) |
| -- | 1 |
| -- | 0.00 |
| -- | GOV.ZAM(02)1981/7B |
| -- | 2 |
| -- | AVAILABLE |
| -- | Jun 16, 2009 |
| -- | 03004134 |
| -- | Zambiana Collection |
| 995 ## - | |
| -- | SPECIAL COLLECTIONS |
| -- | 0.00 |
| -- | 03004135 |
| -- | CBU-MAIN LIBRARY (Kitwe) |
| -- | 1 |
| -- | 0.00 |
| -- | GOV.ZAM(02)1981/7A |
| -- | 3 |
| -- | AVAILABLE |
| -- | Jun 16, 2009 |
| -- | 03004135 |
| -- | Zambiana Collection |
| 999 ## - | |
| -- | 82880 |
| -- | 82880 |
| Withdrawn status | Lost status | Source of classification or shelving scheme | Damaged status | Not for loan | Permanent Location | Current Location | Shelving location | Date acquired | Total Checkouts | Full call number | Barcode | Date last seen | Copy number | Price effective from | Koha item type |
|---|---|---|---|---|---|---|---|---|---|---|---|---|---|---|---|
| CBU-MAIN LIBRARY, KITWE. | CBU-MAIN LIBRARY, KITWE. | 09/29/2023 | GOV.ZAM(02)1981/7A | 03004061 | 09/29/2023 | 1 | 09/29/2023 | SPECIAL COLLECTION | |||||||
| CBU-MAIN LIBRARY, KITWE. | CBU-MAIN LIBRARY, KITWE. | 09/29/2023 | GOV.ZAM(02)1981/7B | 03004134 | 09/29/2023 | 2 | 09/29/2023 | SPECIAL COLLECTION | |||||||
| CBU-MAIN LIBRARY, KITWE. | CBU-MAIN LIBRARY, KITWE. | 09/29/2023 | GOV.ZAM(02)1981/7C | 03004135 | 09/29/2023 | 3 | 09/29/2023 | SPECIAL COLLECTION |